Normal view
MARC view
- Mary
Entry Personal Name
001 - CONTROL NUMBER
- control field: 34143
003 - CONTROL NUMBER IDENTIFIER
- control field: OSt
005 - DATE AND TIME OF LATEST TRANSACTION
- control field: 20131021182555.0
008 - FIXED-LENGTH DATA ELEMENTS
- fixed length control field: 131021|| aca||aabn | a|a d
040 ## - CATALOGING SOURCE
- Original cataloging agency: OSt
- Transcribing agency: OSt
100 ## - HEADING--PERSONAL NAME
- Personal name: Mary
- Numeration: I,
- Titles and other words associated with a name: Queen of England,
- Dates associated with a name: 1516-1558
- Form subdivision: Fiction.
670 ## - SOURCE DATA FOUND
- Source citation: Work cat.: (OSt)0: Gregory, Philippa. 34141, The Queen's fool /, 2011.